Sports Quiz

Random Sports Quiz

Predicting MUT 18 Overalls HB Edition Quiz Stats

 Plays Quiz not verified by Sporcle

Also try: WNBA Teams
Challenge
Share
Tweet
Embed
Score 0/32 Timer 07:00
0 Plays Today
MUT 18 Overall Name of Player % Correct
90Le'von Bell
75%
89David Johnson
50%
84Jordan Howard
37.5%
87Ezekiel Elliott
25%
86Devonta Freeman
25%
81Matt Forte
25%
82Marshawn Lynch
25%
87Demarco Murray
25%
82Lamar Miller
25%
85Lesean McCoy
12.5%
81Doug Martin
12.5%
79Spencer Ware
12.5%
83Legarrette Blount
12.5%
79Carlos Hyde
12.5%
78Leonard Fournette
12.5%
81Todd Gurley
12.5%
MUT 18 Overall Name of Player % Correct
78Eddie Lacy
12.5%
78Jeremy Hill
0%
78C.J. Anderson
0%
77Isiah Crowell
0%
86Melvin Gordon
0%
77Frank Gore
0%
86Jay Ajayi
0%
76Shane Vereen
0%
75Ameer Abdulah
0%
77Ty Montgomery
0%
77Christian McCaffrey
0%
78Mike Gillislee
0%
77Danny Woodhead
0%
80Robert Kelley
0%
81Mark Ingram
0%
80Latavious Murray
0%

You're not logged in!

Compare scores with friends on all Sporcle quizzes.
Join for Free
OR
Log In

You Might Also Like...

Show Comments

Extras

Created Jun 1, 2017ReportFavoriteNominate
Tags:edition, overall, player

Top Quizzes Today


Score Distribution

Your Account Isn't Verified!

In order to create a playlist on Sporcle, you need to verify the email address you used during registration. Go to your Sporcle Settings to finish the process.

Report this User

Report this user for behavior that violates our Community Guidelines.

Details: